00518 2200193 4500001002100000005001500021035002000036007000300056008004100059020002200100082001100122084001700133100002000150245005600170260002800226300004300254650000900297650001800306INLIS00000000000155820260127095259 a0010-0126000017ta260127 g 0 ind  a978-602-6954-83-1 a631.52 a631.52 VYT a0 aVyta W. Hanifah1 aAyo Memproduksi Benih Sayuran Sendiri /cAmata Fami aBogor :b(BBP2TP,c2021 aiii, 23 hlm, :bilus, ;c15 cm x 21 cm 4aBuku 4aBENIH SAYURAN